000 00195 a2200097 4500
020 _a1859840663
041 _aeng
100 _aGuevara, che Ernesto
245 _aThe motorcycle diaries
942 _cBK
999 _c7384
_d7384